[Event "BL 1516 USV TU Dresden - Bayern Münche"]
[Site "?"]
[Date "2016.02.06"]
[Round "5.3"]
[White "Schenk, Andreas"]
[Black "Bartel, Mateusz"]
[Result "0-1"]
[WhiteElo "2478"]
[BlackElo "2613"]
[PlyCount "96"]
[EventDate "2016.??.??"]

1. d4 f5 2. c4 Nf6 3. Nf3 g6 4. g3 Bg7 5. Bg2 O-O 6. Nc3 d6 7. O-O c6 8. d5 e5
9. dxe6 Bxe6 10. b3 Na6 11. Ng5 Qe7 12. Bb2 Rad8 13. Nxe6 Qxe6 14. Qc2 Nc5 15.
Rad1 a5 16. e3 Qe7 17. a3 Qc7 18. Ba1 Kh8 19. Rb1 Ne6 20. Ne2 Ng4 21. Bxg7+
Qxg7 22. b4 axb4 23. axb4 h5 24. b5 h4 25. h3 Nf6 26. bxc6 bxc6 27. Bxc6 Rc8
28. Bg2 d5 29. Qa2 dxc4 30. Rfc1 hxg3 31. fxg3 Qc7 32. Rb4 Qc5 33. Rbxc4 Qxe3+
34. Kh2 Rxc4 35. Rxc4 Kg7 36. Qb2 Rd8 37. Nf4 Nxf4 38. Rxf4 Rd2 39. Qb7+ Nd7
40. Rf1 Qe5 41. Qf3 Qd4 42. Re1 Qb2 43. Kh1 Ne5 44. Qb7+ Qxb7 45. Bxb7 Nd3 46.
Rg1 Nf2+ 47. Kg2 Rb2 48. Ba6 Ng4+ 0-1

[Event "BL 1516 USV TU Dresden - Bayern Münche"]
[Site "?"]
[Date "2016.02.06"]
[Round "5.4"]
[White "Socko, Bartosz"]
[Black "Fedorovsky, Michael"]
[Result "1-0"]
[WhiteElo "2577"]
[BlackElo "2463"]
[PlyCount "67"]
[EventDate "2016.??.??"]

1. Nf3 c5 2. g3 d5 3. Bg2 Nf6 4. O-O e6 5. d4 cxd4 6. Nxd4 e5 7. Nf3 Nc6 8. c4
d4 9. e3 Be7 10. exd4 exd4 11. Bf4 O-O 12. Ne5 Nxe5 13. Bxe5 Bc5 14. Nd2 Ng4
15. Bf4 Ne3 16. fxe3 dxe3 17. Qh5 Bd4 18. Nb3 e2+ 19. Rf2 Re8 20. Re1 Bxf2+ 21.
Kxf2 Qf6 22. Rxe2 Bf5 23. Bd5 g6 24. Qf3 h5 25. Be3 Rad8 26. Bd4 Qd6 27. Nc5
Rxe2+ 28. Qxe2 Qc7 29. Nxb7 Rb8 30. Be5 Qb6+ 31. c5 Qb4 32. Bc3 Qa4 33. b3 Qd7
34. Qe5 1-0

[Event "BL 1516 USV TU Dresden - Bayern Münche"]
[Site "?"]
[Date "2016.02.06"]
[Round "5.5"]
[White "Dragnev, Valentin"]
[Black "Dziuba, Marcin"]
[Result "1-0"]
[WhiteElo "2421"]
[BlackElo "2575"]
[PlyCount "79"]
[EventDate "2016.??.??"]

1. e4 c5 2. Nf3 d6 3. d4 cxd4 4. Nxd4 Nf6 5. Nc3 a6 6. Bc4 e6 7. Bb3 Be7 8. g4
Nc6 9. g5 Nxd4 10. Qxd4 Nh5 11. Rg1 b5 12. Be3 Rb8 13. a3 O-O 14. O-O-O Qc7 15.
f4 a5 16. f5 b4 17. f6 bxc3 18. fxe7 cxb2+ 19. Kb1 Qxe7 20. Qxd6 Qxd6 21. Rxd6
Bb7 22. Rd4 Bc6 23. a4 e5 24. Rc4 Bd7 25. Rc5 Be6 26. Kxb2 Rb4 27. Bd2 Rxe4 28.
Bxa5 Nf4 29. Rd1 f5 30. Bc3 Bxb3 31. cxb3 Re2+ 32. Ka3 Rc2 33. Rd7 Ne6 34. Rc4
f4 35. Bxe5 Re2 36. Bd6 f3 37. Bxf8 f2 38. Bb4 h5 39. Rc1 Nxg5 40. Rdd1 1-0

[Event "BL 1516 USV TU Dresden - Bayern Münche"]
[Site "?"]
[Date "2016.02.06"]
[Round "5.6"]
[White "Maiwald, Jens-Uwe"]
[Black "Belezky, Alexander"]
[Result "1/2-1/2"]
[WhiteElo "2443"]
[BlackElo "2452"]
[PlyCount "42"]
[EventDate "2016.??.??"]

1. d4 Nf6 2. Nf3 e6 3. Bg5 h6 4. Bxf6 Qxf6 5. c3 Nc6 6. g3 e5 7. dxe5 Nxe5 8.
Nxe5 Qxe5 9. Bg2 Bc5 10. Nd2 O-O 11. O-O a5 12. e3 a4 13. Nf3 Qf6 14. Qd2 Rd8
15. c4 d6 16. Nd4 Bxd4 17. Qxd4 Qxd4 18. exd4 Be6 19. Rac1 c5 20. Rfd1 Rab8 21.
a3 Rdc8 1/2-1/2

[Event "BL 1516 USV TU Dresden - Bayern Münche"]
[Site "?"]
[Date "2016.02.06"]
[Round "5.7"]
[White "Meister, Peter"]
[Black "Neef, Maximilian"]
[Result "1/2-1/2"]
[WhiteElo "2369"]
[BlackElo "2430"]
[PlyCount "106"]
[EventDate "2016.??.??"]

1. d4 Nf6 2. c4 g6 3. f3 Bg7 4. e4 d6 5. Ne2 O-O 6. Be3 a6 7. Nec3 Nbd7 8. Be2
c5 9. d5 Ne5 10. a4 e6 11. O-O Rb8 12. Na3 Re8 13. Qd2 exd5 14. cxd5 Qa5 15. h3
Qc7 16. Bg5 Ned7 17. g4 h5 18. Kg2 Nh7 19. Bf4 Ne5 20. Bg3 hxg4 21. hxg4 Qe7
22. Rae1 Bd7 23. Rh1 Nf8 24. f4 Nxg4 25. Bxg4 Bxg4 26. e5 Red8 27. Nc4 dxe5 28.
fxe5 b5 29. axb5 axb5 30. Ne3 Bc8 31. d6 Bb7+ 32. Ncd5 Qg5 33. Kf1 Nd7 34. Bf4
Qxf4+ 35. Nxf4 Bxh1 36. Ned5 Nxe5 37. Ne7+ Kf8 38. Rxe5 Bxe5 39. Nfxg6+ fxg6
40. Nxg6+ Kf7 41. Nxe5+ Ke6 42. Nd3 Kxd6 43. Qh2+ Kd5 44. Qe5+ Kc4 45. Qc3+ Kd5
46. Qxc5+ Ke6 47. Qe3+ Kd6 48. Qf4+ Kd7 49. Qf5+ Kc7 50. Qc5+ Bc6 51. Nb4 Rb6
52. Nxc6 Rxc6 53. Qxb5 Rf8+ 1/2-1/2

[Event "BL 1516 Werder Bremen - SV Hockenheim"]
[Site "?"]
[Date "2016.02.06"]
[Round "5.1"]
[White "Saric, Ivan"]
[Black "Fressinet, Laurent"]
[Result "1/2-1/2"]
[WhiteElo "2646"]
[BlackElo "2700"]
[PlyCount "48"]
[EventDate "2016.??.??"]

1. e4 e5 2. Nf3 Nc6 3. Bb5 Nf6 4. d3 Bc5 5. Bxc6 dxc6 6. Nbd2 Be6 7. O-O Bd6 8.
Nb3 Qe7 9. Qe1 h6 10. Na5 Rb8 11. d4 exd4 12. e5 Bb4 13. Bd2 Bxa5 14. Bxa5 Nd5
15. Nxd4 O-O 16. Qe4 c5 17. c4 Nf4 18. Qxf4 cxd4 19. Qxd4 Rfd8 20. Qf4 Qc5 21.
Bc3 Qxc4 22. Qxc4 Bxc4 23. Rfc1 Be6 24. f3 Rd5 1/2-1/2

[Event "BL 1516 Werder Bremen - SV Hockenheim"]
[Site "?"]
[Date "2016.02.06"]
[Round "5.2"]
[White "Areshchenko, Alexander"]
[Black "Balogh, Csaba"]
[Result "1/2-1/2"]
[WhiteElo "2675"]
[BlackElo "2643"]
[PlyCount "45"]
[EventDate "2016.??.??"]

1. e4 e5 2. Nf3 Nc6 3. Bb5 Nf6 4. d3 Bc5 5. Bxc6 dxc6 6. Nbd2 O-O 7. Qe2 Nd7 8.
Nc4 Re8 9. Bd2 b5 10. Na5 Qf6 11. a4 Bb6 12. Nb3 a6 13. Be3 Rb8 14. O-O Nf8 15.
a5 Bxe3 16. Qxe3 Qd6 17. Rad1 Bg4 18. d4 Bxf3 19. Qxf3 Ne6 20. d5 cxd5 21. Rxd5
Qb4 22. Rxe5 Nd4 23. Nxd4 1/2-1/2

[Event "BL 1516 Werder Bremen - SV Hockenheim"]
[Site "?"]
[Date "2016.02.06"]
[Round "5.3"]
[White "Moiseenko, Alexander"]
[Black "McShane, Luke J"]
[Result "1/2-1/2"]
[WhiteElo "2673"]
[BlackElo "2671"]
[PlyCount "84"]
[EventDate "2016.??.??"]

1. d4 d5 2. c4 c6 3. Nc3 Nf6 4. Nf3 a6 5. c5 Nbd7 6. Bf4 Nh5 7. Bd2 Nhf6 8. Qc2
g6 9. g3 Bg7 10. Bg2 O-O 11. O-O Re8 12. Rad1 Nf8 13. Qb3 Ne6 14. Na4 Ne4 15.
Nb6 Nxd2 16. Rxd2 Rb8 17. Re1 Nc7 18. e4 dxe4 19. Rxe4 Be6 20. Qd1 Bd5 21. Re1
Bxf3 22. Bxf3 e6 23. Nc4 Qe7 24. h4 Red8 25. a4 Bf6 26. h5 Qf8 27. Kg2 Nd5 28.
Bxd5 Rxd5 29. hxg6 hxg6 30. Nb6 Rdd8 31. Qg4 Qh6 32. Rd3 Kg7 33. Rh1 Qg5 34.
Qxg5 Bxg5 35. Rhd1 Bf6 36. b4 Rh8 37. Nc4 Rh5 38. f4 Rd8 39. Nd6 Rb8 40. Kf3
Be7 41. Nc4 Rd8 42. R3d2 g5 1/2-1/2

[Event "BL 1516 Werder Bremen - SV Hockenheim"]
[Site "?"]
[Date "2016.02.06"]
[Round "5.4"]
[White "Bluebaum, Matthias"]
[Black "Buhmann, Rainer"]
[Result "0-1"]
[WhiteElo "2599"]
[BlackElo "2633"]
[PlyCount "94"]
[EventDate "2016.??.??"]

1. d4 e6 2. c4 d5 3. Nf3 Nf6 4. Nc3 c6 5. e3 Nbd7 6. Bd3 dxc4 7. Bxc4 b5 8. Bd3
a6 9. e4 c5 10. d5 c4 11. Bc2 e5 12. O-O Bd6 13. Ne2 O-O 14. Ng3 Re8 15. Bd2
Nc5 16. b4 cxb3 17. axb3 Bd7 18. Bc3 Qb6 19. b4 Na4 20. Bxa4 bxa4 21. Qd2 Rac8
22. Qb2 Qb8 23. Rfc1 Rc7 24. Ne1 h5 25. h4 g6 26. Nd3 Bb5 27. Rd1 Nd7 28. Qd2
Qd8 29. Nc5 Qxh4 30. Qe1 Nf6 31. Nd3 Rc4 32. Rdc1 Nxe4 33. Nb2 Rxc3 34. Nxe4
Rxc1 35. Rxc1 Qe7 36. Nxd6 Qxd6 37. Rc5 e4 38. Nd1 Qe5 39. Qd2 Rd8 40. Nc3 Bd3
41. Qe3 a3 42. f3 a2 43. Nxa2 Rxd5 44. Rc8+ Kg7 45. Nc3 Rd6 46. fxe4 Qd4 47.
Qf2 Bxe4 0-1

[Event "BL 1516 Werder Bremen - SV Hockenheim"]
[Site "?"]
[Date "2016.02.06"]
[Round "5.5"]
[White "Baramidze, David"]
[Black "Edouard, Romain"]
[Result "1/2-1/2"]
[WhiteElo "2596"]
[BlackElo "2611"]
[PlyCount "47"]
[EventDate "2016.??.??"]

1. d4 d5 2. c4 dxc4 3. e3 e5 4. Bxc4 exd4 5. exd4 Bd6 6. Nf3 Nf6 7. O-O O-O 8.
Nc3 Nc6 9. h3 h6 10. a3 Bf5 11. Re1 Re8 12. Be3 a6 13. Nh4 Bh7 14. Qf3 Qd7 15.
Rad1 Ne4 16. Nd5 Kh8 17. Qh5 f5 18. Ng6+ Bxg6 19. Qxg6 Ne7 20. Nxe7 Rxe7 21. f3
Ng3 22. Bxh6 gxh6 23. Rxe7 Qxe7 24. Qxh6+ 1/2-1/2

[Event "BL 1516 Werder Bremen - SV Hockenheim"]
[Site "?"]
[Date "2016.02.06"]
[Round "5.6"]
[White "Werle, Jan"]
[Black "Banusz, Tamas"]
[Result "1/2-1/2"]
[WhiteElo "2545"]
[BlackElo "2616"]
[PlyCount "166"]
[EventDate "2016.??.??"]

1. d4 d5 2. c4 e6 3. Nc3 Nf6 4. Bg5 Be7 5. cxd5 exd5 6. e3 c6 7. Bd3 Nbd7 8.
Nf3 Nh5 9. Bxe7 Qxe7 10. O-O O-O 11. Qc2 g6 12. Rab1 a5 13. a3 Nb6 14. b4 axb4
15. Rxb4 Nd7 16. Ra4 Rxa4 17. Qxa4 Nhf6 18. Qb4 Qxb4 19. axb4 Nb6 20. b5 Be6
21. bxc6 bxc6 22. Rc1 Nfd7 23. Ba6 c5 24. dxc5 Nxc5 25. Nxd5 Bxd5 26. Rxc5 Ra8
27. Bf1 Ra1 28. Nd2 Be6 29. Rb5 Nd5 30. Rb1 Ra2 31. Nf3 Nc3 32. Re1 Ne4 33. Be2
Nc3 34. Bd3 Bg4 35. Nd4 Rd2 36. Bf1 Bd1 37. h3 h5 38. h4 Kg7 39. g3 Bg4 40. Rc1
Nd5 41. Bg2 Nf6 42. Bc6 Bc8 43. Bf3 Bg4 44. Bc6 Bc8 45. Rc2 Rd1+ 46. Kg2 Ba6
47. f3 Bd3 48. Rf2 Bc4 49. Nc2 Rd3 50. e4 Kf8 51. Ba4 Kg7 52. Nb4 Ra3 53. Bd1
Nd7 54. Be2 Bxe2 55. Rxe2 Ne5 56. Rf2 Rb3 57. Nd5 Nd3 58. Re2 Ne5 59. Ne3 Ra3
60. f4 Ng4 61. Nxg4 hxg4 62. e5 Kf8 63. f5 gxf5 64. Rf2 Kg7 65. Rxf5 Re3 66.
Rg5+ Kh6 67. Rxg4 Rxe5 68. Kf3 Re1 69. Rf4 Kg6 70. Kg4 Re5 71. Ra4 f6 72. Kf3
Rf5+ 73. Rf4 Ra5 74. Re4 Ra3+ 75. Re3 Ra4 76. Re4 Ra1 77. g4 Rh1 78. Kg3 Rg1+
79. Kh2 Ra1 80. Re3 f5 81. Re6+ Kf7 82. gxf5 Rf1 83. Re5 Kf6 1/2-1/2

[Event "BL 1516 Werder Bremen - SV Hockenheim"]
[Site "?"]
[Date "2016.02.06"]
[Round "5.7"]
[White "Braun, Arik"]
[Black "Markgraf, Alexander"]
[Result "1-0"]
[WhiteElo "2567"]
[BlackElo "2495"]
[PlyCount "77"]
[EventDate "2016.??.??"]

1. Nf3 f5 2. g3 Nf6 3. Bg2 g6 4. O-O Bg7 5. d3 d6 6. c3 O-O 7. e4 fxe4 8. dxe4
Nc6 9. Qb3+ e6 10. e5 Nxe5 11. Nxe5 dxe5 12. Nd2 c6 13. Ne4 Nxe4 14. Bxe4 Qc7
15. Be3 Rd8 16. Rad1 Rd5 17. c4 Rxd1 18. Rxd1 Bd7 19. h4 Be8 20. Bc5 Bf8 21.
Bxf8 Kxf8 22. c5 b6 23. Qc3 Rb8 24. b4 bxc5 25. bxc5 Ke7 26. Qe3 Kf7 27. Qf3+
Kg7 28. Qc3 Rd8 29. Rd6 Rxd6 30. Qxe5+ Kg8 31. cxd6 Qc8 32. h5 Qd7 33. h6 Qf7
34. Bd3 Bd7 35. Bc4 Bc8 36. f4 Bd7 37. Kf2 Bc8 38. Ke3 Kf8 39. Qh8+ 1-0

[Event "BL 1516 Werder Bremen - SV Hockenheim"]
[Site "?"]
[Date "2016.02.06"]
[Round "5.8"]
[White "Meins, Gerlef"]
[Black "Rau, Hannes"]
[Result "0-1"]
[WhiteElo "2417"]
[BlackElo "2478"]
[PlyCount "60"]
[EventDate "2016.??.??"]

1. Nf3 d5 2. c4 d4 3. b4 f6 4. e3 c5 5. bxc5 e5 6. exd4 exd4 7. Bd3 Bxc5 8. O-O
Ne7 9. Ba3 Bxa3 10. Nxa3 Nbc6 11. Rb1 O-O 12. c5 Kh8 13. Nc4 Qd5 14. Nd6 Bg4
15. Be4 Qxc5 16. Nxb7 Qa3 17. Qc1 Qa6 18. h3 Bxf3 19. Bxf3 Ne5 20. Be4 Rac8 21.
Qb2 f5 22. Qxd4 Qe6 23. Rb5 N7g6 24. Qd5 Qa6 25. Bb1 Rc7 26. Rb3 Qxf1+ 27. Kxf1
Rc1+ 28. Ke2 Nf4+ 29. Ke3 Nxd5+ 30. Kd4 Nc4 0-1

[Event "BL 1516 Turm Emsdetten - SV Griesheim"]
[Site "?"]
[Date "2016.02.06"]
[Round "5.1"]
[White "Izsak, Gyula"]
[Black "Swiercz, Dariusz"]
[Result "1/2-1/2"]
[WhiteElo "2435"]
[BlackElo "2664"]
[PlyCount "70"]
[EventDate "2016.??.??"]

1. d4 Nf6 2. c4 e6 3. Nf3 d5 4. Nc3 Nbd7 5. Bg5 h6 6. Bh4 Bb4 7. cxd5 exd5 8.
Nd2 g5 9. Bg3 c5 10. a3 Bxc3 11. bxc3 Qa5 12. Qb3 b6 13. Bd6 Ba6 14. f3 Rc8 15.
h4 g4 16. dxc5 bxc5 17. e4 gxf3 18. gxf3 Bxf1 19. Rxf1 Qb6 20. e5 Qxb3 21. Nxb3
Nh5 22. O-O-O Nf4 23. e6 Nxe6 24. Rxd5 Nb6 25. Rf5 Na4 26. Re1 Rg8 27. Nxc5
Nxc3 28. Kd2 Nb5 29. Ne4 Rg2+ 30. Kd3 Rb2 31. Rg1 Rb3+ 32. Kd2 Rb2+ 33. Kd3
Rb3+ 34. Kd2 Rb2+ 35. Kd3 Rb3+ 1/2-1/2

[Event "BL 1516 Turm Emsdetten - SV Griesheim"]
[Site "?"]
[Date "2016.02.06"]
[Round "5.2"]
[White "Van Foreest, Jorden"]
[Black "Grabarczyk, Miroslaw"]
[Result "1/2-1/2"]
[WhiteElo "2558"]
[BlackElo "2432"]
[PlyCount "125"]
[EventDate "2016.??.??"]

1. e4 e5 2. f4 exf4 3. Nf3 Ne7 4. Qe2 d5 5. exd5 Qxd5 6. d4 Qe6 7. Nc3 Ng6 8.
h4 h5 9. Ng5 Qxe2+ 10. Bxe2 f6 11. Nge4 Bb4 12. O-O Bxc3 13. Nxc3 Nc6 14. Bd3
Nce7 15. Bxf4 Bf5 16. Bxf5 Nxf5 17. Bxc7 Nxd4 18. Rfe1+ Kd7 19. Bg3 Rad8 20.
Rad1 Kc8 21. Kf2 Rd7 22. Ne4 Nf5 23. Rxd7 Kxd7 24. Nc5+ Kc6 25. Ne6 Rc8 26. Rd1
Re8 27. Nd8+ Kb6 28. Rd7 Re7 29. Bc7+ Ka6 30. Rxe7 Ngxe7 31. c4 Nc6 32. Ne6 b6
33. g3 Kb7 34. Bf4 Ncd4 35. Nxd4 Nxd4 36. Ke3 Nf5+ 37. Ke4 g6 38. b4 a6 39. a3
Kc6 40. a4 Kd7 41. b5 axb5 42. cxb5 Kc8 43. Kf3 Kd7 44. Bd2 Ke6 45. Be1 Ne7 46.
Ke4 Nc8 47. Kf4 Ne7 48. Bd2 Nf5 49. Kf3 Ne7 50. Ke4 Nf5 51. Bf4 Kd7 52. Kd5
Ne7+ 53. Kd4 Nf5+ 54. Kc4 g5 55. hxg5 fxg5 56. Bxg5 Nxg3 57. Be3 h4 58. Bxb6
Ne2 59. Ba7 Kc7 60. Bc5 h3 61. b6+ Kc6 62. b7 Kxb7 63. Bd6 1/2-1/2

[Event "BL 1516 Turm Emsdetten - SV Griesheim"]
[Site "?"]
[Date "2016.02.06"]
[Round "5.3"]
[White "Farago, Ivan"]
[Black "Burg, Twan"]
[Result "1/2-1/2"]
[WhiteElo "2393"]
[BlackElo "2497"]
[PlyCount "52"]
[EventDate "2016.??.??"]

1. d4 Nf6 2. c4 g6 3. Nc3 d5 4. Nf3 Bg7 5. Qb3 c6 6. cxd5 cxd5 7. Bf4 O-O 8. e3
Nc6 9. Bd3 Na5 10. Qd1 Bf5 11. Bxf5 gxf5 12. O-O Ne4 13. Rc1 Rc8 14. Qd3 a6 15.
Ne2 Qb6 16. Rc2 Nc4 17. b3 Na3 18. Rcc1 Qb5 19. Qxb5 Nxb5 20. Rfe1 Nbc3 21. Rc2
Rc6 22. Nxc3 Rxc3 23. Rec1 Rfc8 24. Rxc3 Rxc3 25. Rxc3 Nxc3 26. a4 Ne2+ 1/2-1/2

[Event "BL 1516 Turm Emsdetten - SV Griesheim"]
[Site "?"]
[Date "2016.02.06"]
[Round "5.4"]
[White "Janssen, Ruud"]
[Black "Jarmula, Lukasz Andrzej"]
[Result "1-0"]
[WhiteElo "2484"]
[BlackElo "2374"]
[PlyCount "89"]
[EventDate "2016.??.??"]

1. Nf3 Nf6 2. c4 b6 3. d4 e6 4. e3 Bb7 5. Bd3 c5 6. O-O Be7 7. Nc3 cxd4 8. exd4
O-O 9. Qe2 d5 10. Rd1 Nc6 11. a3 Ba6 12. b3 Rc8 13. Rb1 Qc7 14. Nb5 Qb8 15. Bg5
h6 16. Bh4 Nh5 17. cxd5 exd5 18. Bxe7 Nf4 19. Qd2 Nxe7 20. Bf1 Neg6 21. a4 Rce8
22. g3 Qc8 23. Kh1 Qg4 24. Ng1 Bxb5 25. Bxb5 Re6 26. f3 Qh5 27. gxf4 Nh4 28.
Bd7 Rf6 29. Bg4 Qg6 30. Qf2 Rxf4 31. Qxh4 f5 32. Bh5 Qxg1+ 33. Rxg1 Rxh4 34.
Bg6 Rxd4 35. Rbd1 Rf4 36. Rxd5 Rxf3 37. Re5 Rxb3 38. Rge1 Rd3 39. Re8 Rd8 40.
Rxd8 Rxd8 41. Kg2 Kf8 42. Re6 Rb8 43. Kf3 a6 44. Kf4 b5 45. a5 1-0

[Event "BL 1516 Turm Emsdetten - SV Griesheim"]
[Site "?"]
[Date "2016.02.06"]
[Round "5.5"]
[White "Walter, Stefan"]
[Black "Fiebig, Thomas"]
[Result "0-1"]
[WhiteElo "2410"]
[BlackElo "2423"]
[PlyCount "92"]
[EventDate "2016.??.??"]

1. d4 d5 2. c4 e6 3. Nc3 c5 4. cxd5 exd5 5. Nf3 Nc6 6. Bg5 Be7 7. Bxe7 Ngxe7 8.
dxc5 d4 9. Ne4 O-O 10. g3 Qd5 11. Ned2 Qxc5 12. Bg2 Qb6 13. Nc4 Qb4+ 14. Nfd2
Rd8 15. O-O Bg4 16. h3 Be6 17. a3 Qb5 18. Rc1 Rac8 19. a4 Qb4 20. Qb3 b6 21.
Qxb4 Nxb4 22. Na3 Nec6 23. Rfd1 h6 24. Kh2 d3 25. e3 Na5 26. Rxc8 Rxc8 27. Bf1
Bd7 28. b3 Be6 29. Nb5 Rc2 30. Nd4 Rb2 31. Nxe6 fxe6 32. Kg2 Nxb3 33. Ne4 Ra2
34. Rb1 Ra3 35. Rb2 a5 36. Nd6 Nc5 37. Nc4 Nxa4 38. Rb1 Ra2 39. Kf3 b5 40. Nxa5
d2 41. Be2 Nd5 42. Rxb5 Nac3 43. Rb8+ Kf7 44. Rc8 Rxa5 45. e4 Ra1 46. exd5 Nxe2
0-1

[Event "BL 1516 Turm Emsdetten - SV Griesheim"]
[Site "?"]
[Date "2016.02.06"]
[Round "5.6"]
[White "Zumsande, Martin"]
[Black "Schnitzspan, Lothar"]
[Result "1-0"]
[WhiteElo "2465"]
[BlackElo "2317"]
[PlyCount "99"]
[EventDate "2016.??.??"]

1. e4 e5 2. Nf3 d6 3. d4 exd4 4. Nxd4 Nf6 5. Nc3 Be7 6. Be2 O-O 7. O-O Re8 8.
f4 c5 9. Nb3 Nc6 10. Bf3 Bf8 11. Kh1 Be6 12. Bd2 c4 13. Nc1 Qb6 14. N1e2 Rad8
15. f5 Bc8 16. Bg5 Be7 17. Qc1 Kh8 18. Nf4 Qc5 19. Bh4 Ne5 20. Bf2 Qa5 21. Ncd5
Nfg4 22. Bd4 Bf8 23. b4 Qa4 24. Be2 Nh6 25. Nh5 b6 26. f6 g6 27. Ng7 Bxg7 28.
fxg7+ Kxg7 29. Bxc4 Be6 30. Bb3 Qc6 31. Qg5 Bxd5 32. Bxd5 Qc7 33. Qf6+ Kg8 34.
h3 Qe7 35. Qf4 Kg7 36. Rf2 Rf8 37. Raf1 Rc8 38. c4 f6 39. Qd2 Ng8 40. Qc3 Rc7
41. c5 bxc5 42. bxc5 Nd7 43. c6 Ne5 44. Bxe5 dxe5 45. Rb1 Rfc8 46. Qa5 Nh6 47.
Rfb2 Nf7 48. Bxf7 Kxf7 49. Rb7 Kg7 50. Rxc7 1-0

[Event "BL 1516 Turm Emsdetten - SV Griesheim"]
[Site "?"]
[Date "2016.02.06"]
[Round "5.7"]
[White "Koehler, Ronald"]
[Black "Richter, Christian"]
[Result "1-0"]
[WhiteElo "2267"]
[BlackElo "2362"]
[PlyCount "105"]
[EventDate "2016.??.??"]

1. d4 Nf6 2. c4 g6 3. Nc3 Bg7 4. e4 d6 5. f4 O-O 6. Nf3 Na6 7. Be2 Nd7 8. O-O
e5 9. dxe5 dxe5 10. f5 Nf6 11. Qxd8 Rxd8 12. Bg5 h6 13. Bxf6 Bxf6 14. Nd5 Kg7
15. Rad1 Bd7 16. Nxf6 Kxf6 17. fxg6 fxg6 18. Rd5 Be8 19. Nd4+ Ke7 20. Rxe5+ Kd6
21. Rd5+ Ke7 22. Re5+ Kd6 23. Re6+ Kc5 24. Nf3 Kb4 25. Re7 Bc6 26. Re6 Be8 27.
Rc1 Nc5 28. Re5 Na4 29. Rc2 c5 30. Ne1 b6 31. Nd3+ Rxd3 32. Bxd3 Bf7 33. Re7
Be8 34. Kf2 a6 35. b3 Nc3 36. Ke3 b5 37. Rb7 Rd8 38. Re7 Nd1+ 39. Ke2 Nc3+ 40.
Kd2 Nb1+ 41. Ke3 Nc3 42. Re6 Bf7 43. Rxa6 Nd1+ 44. Ke2 Nc3+ 45. Kd2 Nxe4+ 46.
Ke3 Nc3 47. cxb5 Re8+ 48. Kd2 Nb1+ 49. Kc1 Nc3 50. Kb2 Nd1+ 51. Kc1 Nc3 52. a3+
Kxb3 53. Rb2# 1-0

[Event "BL 1516 Turm Emsdetten - SV Griesheim"]
[Site "?"]
[Date "2016.02.06"]
[Round "5.8"]
[White "van Foreest, Lucas"]
[Black "Spitzl, Vinzent"]
[Result "1/2-1/2"]
[WhiteElo "2350"]
[BlackElo "2263"]
[PlyCount "100"]
[EventDate "2016.??.??"]

1. e4 e5 2. f4 exf4 3. Nf3 g5 4. Nc3 d6 5. g3 Bg7 6. d4 g4 7. Nh4 f3 8. Be3 Bf6
9. Qd2 Ne7 10. O-O-O Nbc6 11. e5 dxe5 12. Ne4 Bxh4 13. gxh4 f5 14. Nf6+ Kf7 15.
Bc4+ Be6 16. d5 Kxf6 17. Bg5+ Kg6 18. h5+ Kxh5 19. Bf6 Qg8 20. dxe6 Qg6 21.
Bxh8 Rxh8 22. Qc3 Qg5+ 23. Kb1 Nd4 24. Qa3 Rd8 25. Qc5 Nec6 26. c3 b6 27. Qa3
Ne2 28. Rxd8 Qxd8 29. Qa4 Qd6 30. Qc2 Ne7 31. Bxe2 fxe2 32. h3 g3 33. Qxe2+ Kg6
34. Rd1 Qxe6 35. Qd3 Kf7 36. Qxg3 f4 37. Qh4 Qf5+ 38. Kc1 f3 39. Rg1 e4 40. Rg5
Qf6 41. Qxh7+ Kf8 42. Rg1 f2 43. Rf1 Qf4+ 44. Kc2 Nf5 45. Qh8+ Ke7 46. Qh7+ Kf8
47. Qh8+ Ke7 48. Qh7+ Kf6 49. Qh8+ Kg5 50. Qd8+ Kg6 1/2-1/2

[Event "BL 1516 SG Turm Trier - Hamburger SK"]
[Site "?"]
[Date "2016.02.06"]
[Round "5.1"]
[White "Kempinski, Robert"]
[Black "Erdos, Viktor"]
[Result "1/2-1/2"]
[WhiteElo "2620"]
[BlackElo "2613"]
[PlyCount "66"]
[EventDate "2016.??.??"]

1. d4 Nf6 2. c4 e6 3. Nf3 d5 4. e3 Nbd7 5. Nc3 g6 6. Bd3 Bg7 7. O-O O-O 8. b4
Re8 9. Rb1 e5 10. Be2 exd4 11. Nxd4 dxc4 12. Bxc4 Ne5 13. Be2 c6 14. Ba3 Nd5
15. Nxd5 Qxd5 16. Qc2 Bg4 17. f3 Be6 18. Nxe6 Qxe6 19. e4 b5 20. f4 Nc4 21.
Bxc4 Bd4+ 22. Kh1 Qxc4 23. Qxc4 bxc4 24. Rfe1 a5 25. b5 cxb5 26. Rxb5 Bc3 27.
Re2 Rad8 28. g3 Bd2 29. e5 c3 30. Kg2 Rd3 31. Rc5 Rd4 32. Rc7 Rdd8 33. Re4 Rb8
1/2-1/2

[Event "BL 1516 SG Turm Trier - Hamburger SK"]
[Site "?"]
[Date "2016.02.06"]
[Round "5.2"]
[White "Lupulescu, Constantin"]
[Black "Svane, Rasmus"]
[Result "1/2-1/2"]
[WhiteElo "2623"]
[BlackElo "2523"]
[PlyCount "40"]
[EventDate "2016.??.??"]

1. d4 Nf6 2. c4 e6 3. Nc3 Bb4 4. Qc2 d5 5. cxd5 exd5 6. Bg5 h6 7. Bxf6 Qxf6 8.
a3 Bxc3+ 9. Qxc3 O-O 10. e3 c6 11. Nf3 Qg6 12. Ne5 Qg5 13. Nf3 Qg6 14. h3 Re8
15. Bd3 Qf6 16. b4 Be6 17. Be2 Qg6 18. Bd3 Qf6 19. Be2 Qg6 20. Bd3 Qf6 1/2-1/2

[Event "BL 1516 SG Turm Trier - Hamburger SK"]
[Site "?"]
[Date "2016.02.06"]
[Round "5.3"]
[White "Ernst, Sipke"]
[Black "Parligras, Mircea-Emilian"]
[Result "1-0"]
[WhiteElo "2523"]
[BlackElo "2591"]
[PlyCount "91"]
[EventDate "2016.??.??"]

1. d4 Nf6 2. c4 e6 3. g3 d5 4. Nf3 Bb4+ 5. Bd2 Be7 6. Bg2 c6 7. Qc2 O-O 8. O-O
Nbd7 9. Rd1 b6 10. Bf4 Ba6 11. Ne5 Rc8 12. Nc3 Nh5 13. Be3 Bxc4 14. Nxc4 dxc4
15. Ne4 b5 16. a4 a6 17. Nc5 Nhf6 18. Nxa6 Nd5 19. Bd2 Qb6 20. axb5 cxb5 21. e4
N5f6 22. e5 Nd5 23. Bxd5 exd5 24. Bb4 Bxb4 25. Nxb4 Qb7 26. Ra6 Nb6 27. Rda1
Ra8 28. Qe2 Rxa6 29. Rxa6 Ra8 30. Rxa8+ Qxa8 31. e6 Kf8 32. Qe5 Nc8 33. Nxd5
Qb7 34. Nc7 fxe6 35. Nxe6+ Kg8 36. Nc7 h6 37. Nxb5 Nb6 38. Nd6 Qa7 39. Qe6+ Kh7
40. Qe4+ Kh8 41. h4 Qd7 42. Qe5 Qg4 43. Kg2 Kh7 44. Qc5 Nd7 45. Qxc4 Qd1 46.
Ne4 1-0

[Event "BL 1516 SG Turm Trier - Hamburger SK"]
[Site "?"]
[Date "2016.02.06"]
[Round "5.5"]
[White "Kollars, Dmitrij"]
[Black "Jaracz, Pawel"]
[Result "1-0"]
[WhiteElo "2429"]
[BlackElo "2489"]
[PlyCount "65"]
[EventDate "2016.??.??"]

1. e4 c5 2. Nf3 d6 3. d4 cxd4 4. Nxd4 Nf6 5. Nc3 a6 6. g3 Bd7 7. Bg2 Nc6 8. O-O
e6 9. Nxc6 Bxc6 10. a4 Be7 11. a5 O-O 12. Be3 Nd7 13. Na4 f5 14. Nb6 Nxb6 15.
Bxb6 Qd7 16. Qd3 Bd8 17. Rad1 Bxb6 18. axb6 Rad8 19. Rfe1 fxe4 20. Bxe4 Bxe4
21. Qxe4 Rf6 22. c4 d5 23. Qd4 Qa4 24. c5 Qxd4 25. Rxd4 Rc8 26. b4 a5 27. bxa5
Rxc5 28. Ra4 Rb5 29. Rc1 Rf8 30. Rc7 Rf7 31. a6 bxa6 32. Rxa6 Rf8 33. b7 1-0

[Event "BL 1516 SG Turm Trier - Hamburger SK"]
[Site "?"]
[Date "2016.02.06"]
[Round "5.6"]
[White "Bobras, Piotr"]
[Black "Carlstedt, Jonathan"]
[Result "1/2-1/2"]
[WhiteElo "2522"]
[BlackElo "2453"]
[PlyCount "74"]
[EventDate "2016.??.??"]

1. e4 e5 2. Nf3 Nc6 3. Bb5 a6 4. Ba4 Nf6 5. O-O Bc5 6. c3 b5 7. Bc2 d5 8. d4
dxe4 9. Nbd2 exf3 10. Qxf3 Be7 11. Qxc6+ Bd7 12. Qf3 exd4 13. Ne4 O-O 14. Rd1
c5 15. Bg5 Rc8 16. b4 Nd5 17. Nxc5 Bxg5 18. Qxd5 Bc6 19. Qxd4 Qxd4 20. Rxd4 Bf6
21. Rd3 Rfe8 22. Kf1 a5 23. Rad1 g6 24. f3 Kg7 25. Re1 Rxe1+ 26. Kxe1 Be7 27.
Bb3 Kf6 28. Ne4+ Bxe4 29. fxe4 axb4 30. Rf3+ Ke5 31. Rxf7 Rc7 32. cxb4 Bxb4+
33. Ke2 Rxf7 34. Bxf7 Kxe4 35. Be8 Bd6 36. Bxb5 Bxh2 37. a4 Bc7 1/2-1/2